000 00925nam a2200229Ia 4500
999 _c40157
_d40157
001 6763
003 GE_BSU
005 20200213112149.0
008 181216s? ||||ge |||||||||||||| ||geo||
020 _a9992828870
040 _cGE_BSU
041 _ageo
080 _a82-93:821.353.1-32 გ-59
100 _aგოგებაშვილი, იაკობ
_97019
245 _aსაგანძური /
_cიაკობ გოგებაშვილი ; შეადგინა ვალერიან რამიშვილმა ; რედ. ნათელა ჭყოიძე.
264 _aთბილისი :
_bსაქართველოს მაცნე,
_c?
300 _a492 გვ. ;
_c22 სმ.
653 _aსაგანძური
653 _a[კრებული]
700 _aჭყოიძე, ნათელა
_eრედაქტორი
_91338
942 _cBK
_2udc